| Tag |
First Indicator |
Second Indicator |
Subfields |
| LEADER |
00000cam a2200000 i 4500 |
| 001 |
in00004053979 |
| 005 |
20190422105034.0 |
| 008 |
180919s2018 enk 000 0 eng d |
| 020 |
|
|
|a 9781447344742
|q (hbk.)
|
| 020 |
|
|
|a 144734474X
|
| 020 |
|
|
|a 9781447344759
|q (pbk.)
|
| 020 |
|
|
|a 1447344758
|
| 020 |
|
|
|z 9781447344766 (ePub ebook)
|
| 020 |
|
|
|z 9781447344773 (Kindle ebook)
|
| 035 |
|
|
|a (OCoLC)on1064701026
|
| 040 |
|
|
|a UKM
|c UKM
|d LSD
|d YDX
|d TXA
|d UtOrBLW
|
| 049 |
|
|
|a TXAM
|
| 082 |
0 |
|
|a 174.95
|2 23
|
| 090 |
|
|
|a Q180.55.M67
|b K37 2018
|
| 100 |
1 |
|
|a Kara, Helen,
|e author.
|0 http://id.loc.gov/authorities/names/nr2001042112
|
| 245 |
1 |
0 |
|a Research ethics in the real world :
|b Euro-Western and indigenous perspectives /
|c Helen Kara.
|
| 264 |
|
1 |
|a Bristol, UK :
|b Policy Press,
|c 2018.
|
| 300 |
|
|
|a x, 201 pages ;
|c 24 cm.
|
| 336 |
|
|
|a text
|b txt
|2 rdacontent
|
| 337 |
|
|
|a unmediated
|b n
|2 rdamedia
|
| 338 |
|
|
|a volume
|b nc
|2 rdacarrier
|
| 504 |
|
|
|a Includes bibliographical references (pages 175-193) and index.
|
| 650 |
|
0 |
|a Research
|x Moral and ethical aspects.
|0 http://id.loc.gov/authorities/subjects/sh85113041
|
| 945 |
|
|
|a PromptCat
|
| 948 |
|
|
|a cataloged
|b h
|c 2019/1/28
|d c
|e dmitchel
|f 2:10:20 pm
|
| 994 |
|
|
|a C0
|b TXA
|
| 999 |
f |
f |
|s 7a59172e-13e4-3421-b4ac-8329d95eb9aa
|i 33d54a91-4a21-3515-8f0e-945bedc211b6
|t 0
|
| 952 |
f |
f |
|p normal
|a Texas A&M University
|b College Station
|c Sterling C. Evans Library
|d Evans: Library Stacks
|t 0
|e Q180.55.M67 K37 2018
|h Library of Congress classification
|i unmediated -- volume
|m A14850564528
|
| 998 |
f |
f |
|a Q180.55.M67 K37 2018
|t 0
|l Evans: Library Stacks
|